Juicio de resistencia / (Record no. 23505)

MARC details
000 -LEADER
campo de control de longitud fija 00557nam a2200205 i 4500
001 - NÚMERO DE CONTROL
campo de control 23505
003 - IDENTIFICADOR DE NÚMERO DE CONTROL
campo de control ES-MaACL
007 - CAMPO FIJO DE DESCRIPCIÓN FÍSICA--INFORMACIÓN GENERAL
campo de control de longitud fija t|
008 - DATOS DE LONGITUD FIJA--INFORMACIÓN GENERAL
campo de control de longitud fija 021210s1982 sp ||||1| spa d
020 ## - NÚMERO INTERNACIONAL ESTÁNDAR DEL LIBRO
Número Internacional Estándar del Libro 84-359-0285-4
100 1# - ENTRADA PRINCIPAL--NOMBRE DE PERSONA
Nombre de persona Alvarez Bravo, Armando.
9 (RLIN) 20709
245 10 - MENCIÓN DEL TÍTULO
Título Juicio de resistencia /
Mención de responsabilidad, etc. Armando Alvarez Bravo.
260 ## - PUBLICACIÓN, DISTRIBUCIÓN, ETC.
Lugar de publicación, distribución, etc. Madrid :
Nombre del editor, distribuidor, etc. Playor,
Fecha de publicación, distribución, etc. 1982.
300 ## - DESCRIPCIÓN FÍSICA
Extensión 116 p. ;
Dimensiones 19 cm.
490 1# - MENCIÓN DE SERIE
Mención de serie Nueva poesía
500 ## - NOTA GENERAL
Nota general Indice.
830 0# - PUNTO DE ACCESO ADICIONAL DE SERIE-TÍTULO UNIFORME
Título uniforme Nueva poesía (Playor)
9 (RLIN) 180866
852 ## - LOCALIZACIÓN
Ubicación ES-MaACL
Número de control de estantería L-9336
Sublocalización o colección R.108798
Holdings
Estatus retirado Estado de pérdida Estado de daño No para préstamo Biblioteca de origen Biblioteca actual Ubicación en estantería Fecha de adquisición Fuente de adquisición Total de préstamos Signatura topográfica completa Código de barras Visto por última vez Precio de reemplazo Tipo de ítem Koha
        Biblioteca del Ateneo de Madrid Biblioteca del Ateneo de Madrid Depósito 2 17/01/2008     L-9336 1024220 23/02/2023 23/02/2023 Libro impreso